<?xml version="1.0" encoding="UTF-8"?>
<collection xmlns="http://www.loc.gov/MARC21/slim">
 <record>
  <leader>     na                 </leader>
  <controlfield tag="001">INLIS000000000020941</controlfield>
  <controlfield tag="005">20230512102358</controlfield>
  <datafield tag="035" ind1=" " ind2=" ">
   <subfield code="a">0010-0523000280</subfield>
  </datafield>
  <controlfield tag="007">ta</controlfield>
  <controlfield tag="008">230512                g          0 ind  </controlfield>
  <datafield tag="020" ind1=" " ind2=" ">
   <subfield code="a">978-602-06-1806-7</subfield>
  </datafield>
  <datafield tag="082" ind1=" " ind2=" ">
   <subfield code="a">641.5</subfield>
  </datafield>
  <datafield tag="084" ind1=" " ind2=" ">
   <subfield code="a">641.5 MEL 5</subfield>
  </datafield>
  <datafield tag="100" ind1="0" ind2=" ">
   <subfield code="a">Melissa Fitrialistanti</subfield>
   <subfield code="e">Pengarang</subfield>
  </datafield>
  <datafield tag="245" ind1="1" ind2=" ">
   <subfield code="a">50 Menu Bekal Kantor</subfield>
  </datafield>
  <datafield tag="250" ind1=" " ind2=" ">
   <subfield code="a">Cetakan 2</subfield>
  </datafield>
  <datafield tag="300" ind1=" " ind2=" ">
   <subfield code="a">110 halaman :</subfield>
   <subfield code="b">Ilustrasi [Gambar] ;</subfield>
   <subfield code="c">24 cm</subfield>
  </datafield>
  <datafield tag="650" ind1=" " ind2="4">
   <subfield code="a">Memasak Makanan</subfield>
  </datafield>
  <datafield tag="650" ind1=" " ind2="4">
   <subfield code="a">Resep Masakan</subfield>
  </datafield>
  <datafield tag="520" ind1=" " ind2=" ">
   <subfield code="a">Membuat sendiri bekal kantor untuk suami sudah pasti lebih sehat dan higienis. Namun sering kali bagi Anda yang baru memulai membuat bekal ataupun yang sudah rutinitas membuat bekal masih suka bingung &quot;Besok masak apa yaa untuk bekal&quot; Nah, di dalam buku ini Anda bisa menemukan berbagai macam ide bekal kantor dengan menu sehari-hari yang tentunya enak, sehat, dan mudah.Buku ini berisi 50 ide bekal kantor untuk bekal sarapan, makan siang dan beberapa kudapan dengan menu rumahan yang ditata semenarik mungkin sehingga membuat bekal menjadi istimewa. Semoga buku ini dapat menginspirasi Anda untuk menyiapkan bekal kantor tidak hanya untuk suami tercinta, tetapi bisa juga untuk Anda sendiri dan anggota keluarga lainnya.</subfield>
  </datafield>
  <datafield tag="520" ind1=" " ind2=" ">
   <subfield code="a">1. Nasi Putih, Cumi Goreng, dan Sapo Tahu &#13;
2. Nasi Nasi Ayam Hainan&#13;
3. Nasi Putih, Ikan Asap Kuah Pedas, Jamur Crispy, Donat Kentang Buah Pir &#13;
4. Nasi Goreng Terasi, Spicy Chicken dan Buah Semangka&#13;
5. Bekal Nasi Cumi Hitam, Mi Goreng Putihan, dan Oseng Paria ng Teri &#13;
6. Nasi Merah, Ayam Cabai Hijau, Tumis Tempe Kacang Panjang. Roti Gulung Cokelat Goreng &#13;
7. Nasi Ayam Kremes, Oseng Ikan Asin Cabai Hijau, Lalapan, dan&#13;
8. Nasi Krengsengan Daging Sapi, Tumis Sayuran 3 Warna, Kerupuk ng dan Kurma&#13;
9. Nasi Mix Multigrain Balado Bakso, Telur Kecap Bawang&#13;
10. Roti Tawar Goreng Ragout, Puding Cokelat Biskuit, dan Buah&#13;
11. Nasi Mix Multigrain, Sate Taichan, dan Tahu Cabai Garam&#13;
12. Nasi Merah, Fuyunghai, dan Chicken Popcorn&#13;
13. Nasi Putih, Ikan Acar Kuning, Balado Terong, dan Bakwan&#13;
14. Bihun Goreng, Omelette Telur, Risol Mayo, dan Susu entasi&#13;
15. Udang Bakar Madu, Tumis Pokcoy Kol Bakso, dan Buah Pir &#13;
16. Mi Goreng Bakso, Acar Timun, Nugget Ayam Brokoli, &#13;
17. Nasi Merah, Ayam Goreng lengkuas, Sambal Ayam Goreng Tumis Sawl Putih&#13;
18. Nasi Putih, Savur Lodeh Cecek, Ikan Goreng, dan Telur Asin&#13;
19. Nasi Multigrain Mix, Ayam Bumbu Pedas, Tumis Kangkung,dan van Wortel Tahu&#13;
20. Nasi Putih, Tahu Telur Bumbu Kacang, dan Buah Pepaya&#13;
21. Nasi Putih, Ikan Dori Saus Telur Asin, dan Tumis Buncis Bakso&#13;
22. Nasi Mix Multigrain, Cumi Saus Padang, Tumis Cuwiwis, dan epung&#13;
23. Nasi Putih, Ikan Tongkol Bumbu Pedas, Sayur Asem, dan edel Tahu&#13;
24. Nasi Putih, Ikan Kembung Goreng Sambal Dabu-dabu, dan Pepaya&#13;
25.Nasi Putih, Ayam Goreng, Sambal Bawang dan Tahu Tempe&#13;
26. Nasi Putih, Ayam Bakar Bumbu Ungkep, Sambal Ayam Bakar, empe Goreng&#13;
27. Nasi Hijau, Ayam Suwir Pedas, dan Oseng Kacang Panjang&#13;
28. Nasi Putih, Ebi Furai, dan Sup Sayur Ayam Bakso&#13;
29. Nasi Putih, Daging Empal Gepuk, Oseng Taoge Tahu, dan Buah&#13;
30. Nasi Bakar Ikan Tongkol, Biskuit, Buah Pepaya dan Susu&#13;
31. Nasi Putih, Ayam Kemangi dan Acar Kuning&#13;
32. Nasi Putih, Ayam Pop, Lalapan Daun Singkong, dan Sambal&#13;
33. Nasi Putih, Ayam Geprek Sambal Terasi, dan Buah Jeruk&#13;
34. Nasi Putih Ayam Bakar Bumbu Rujak dan Urap-urap&#13;
35. Nasi Putih, Soun Kecap, Telur Dadar Gulung, Tahu Goreng, dan Kiwi&#13;
36. Nasi Putih, Buncis Udang Balado, Ayam Tepung, dan Buah&#13;
37. Nasi Goreng Udang, Shrimp Chicken Roll, dan Buah Jeruk</subfield>
  </datafield>
  <datafield tag="264" ind1=" " ind2=" ">
   <subfield code="a">Jakarta :</subfield>
   <subfield code="b">Gramedia Pustaka Utama,</subfield>
   <subfield code="c">2018</subfield>
  </datafield>
  <datafield tag="336" ind1=" " ind2=" ">
   <subfield code="2">rdacontent</subfield>
   <subfield code="a">Teks</subfield>
  </datafield>
  <datafield tag="337" ind1=" " ind2=" ">
   <subfield code="2">rdamedia</subfield>
   <subfield code="a">Tanpa Perantara</subfield>
  </datafield>
  <datafield tag="338" ind1=" " ind2=" ">
   <subfield code="2">rdacarrier</subfield>
   <subfield code="a">Lembar</subfield>
  </datafield>
  <datafield tag="990" ind1=" " ind2=" ">
   <subfield code="a">073292</subfield>
  </datafield>
  <datafield tag="990" ind1=" " ind2=" ">
   <subfield code="a">073290</subfield>
  </datafield>
  <datafield tag="990" ind1=" " ind2=" ">
   <subfield code="a">073291</subfield>
  </datafield>
 </record>
</collection>
